000 00246nam a22001217a 4500
008 170714b xxu||||| |||| 00| 0 eng d
041 _aeng
080 _a17
100 _a23
101 _aFIL
245 _aHOLY BIBLE
_cJAME.K
942 _2udc
_cBK
999 _c20733
_d20733